Billie Eilish - NDA Lyrics - Statistics

General Stats
  • This quiz has been taken 217 times
  • The average score is 189 of 250
Answer Stats
Answer % Correct
I
96%
a
95%
you
94%
You
94%
go
93%
Did
92%
me
90%
to
90%
can
89%
an
88%
but
88%
let
88%
No
87%
no
87%
the
87%
can't
86%
save
86%
he
85%
my
84%
so
84%
think
84%
Think
84%
for
83%
couldn't
82%
in
82%
it
82%
NDA
82%
Had
81%
had
81%
too
81%
know
80%
security
80%
up
80%
when
80%
When
80%
Got
79%
got
79%
and
78%
don't
77%
far?
77%
far
77%
money
76%
now
76%
Now
76%
need
75%
show
75%
I'd
74%
made
74%
oh
74%
take
74%
saw
73%
sign
73%
boy
71%
him
71%
keys
71%
On
71%
stars
71%
Stars
71%
17
70%
hard
70%
like
70%
party
70%
since
70%
stay
70%
was
70%
Yeah
70%
are
69%
heart
69%
say
69%
pretty
68%
crave
67%
his
67%
limousine?
67%
out
67%
street
67%
walking
67%
what
67%
Haven't
66%
house
66%
over
66%
want
66%
Want
66%
get
65%
hit
65%
stalker
65%
bought
64%
Satan
64%
secret
64%
about
63%
down
63%
took
63%
way
63%
where
63%
Didn't
62%
he's
61%
should
61%
he'd
60%
meet
60%
new
60%
career
59%
Says
58%
I've
57%
dark?
56%
here
56%
Maybe
56%
disappear
55%
having
55%
At
54%
cry
54%
hate
54%
Somewhere
54%
been
53%
thought
52%
change
51%
gave
51%
number
51%
outside
51%
shit
51%
year
51%
30
50%
barely
50%
'Cause
50%
future
50%
How'd
50%
sold
50%
least
49%
another
48%
fun
47%
getting
47%
something
47%
older
46%
shut
46%
mouth
45%
good
41%
Kauai
41%
under
41%
Once
40%
enough
38%
give
33%
No matching quizzes found
Score Distribution
Percent of People with Each Score
Percentile by Number Answered
Your Score History
You have not taken this quiz